<?xml version="1.0" encoding="UTF-8"?>
<collection xmlns="http://www.loc.gov/MARC21/slim">
 <record>
  <leader>02425nam a2200265 a 4500</leader>
  <controlfield tag="001">1/44734</controlfield>
  <controlfield tag="008">140627s2002    us            001 0 eng  </controlfield>
  <datafield tag="020" ind1=" " ind2=" ">
   <subfield code="a">9781932266399</subfield>
  </datafield>
  <datafield tag="020" ind1=" " ind2=" ">
   <subfield code="a">1932266399</subfield>
  </datafield>
  <datafield tag="035" ind1=" " ind2=" ">
   <subfield code="l">47688</subfield>
  </datafield>
  <datafield tag="040" ind1=" " ind2=" ">
   <subfield code="a">OPELS</subfield>
   <subfield code="b">eng</subfield>
   <subfield code="c">OPELS</subfield>
   <subfield code="d">OCLCQ</subfield>
   <subfield code="d">B24X7</subfield>
   <subfield code="d">OCLCQ</subfield>
   <subfield code="d">OCLCF</subfield>
   <subfield code="d">GR-PeUP</subfield>
  </datafield>
  <datafield tag="245" ind1="0" ind2="0">
   <subfield code="a">Configuring NetScreen firewalls</subfield>
   <subfield code="h">[electronic resource] /</subfield>
   <subfield code="c">Rob Cameron ... [et al.].</subfield>
  </datafield>
  <datafield tag="246" ind1="1" ind2="8">
   <subfield code="a">NetScreen firewalls</subfield>
  </datafield>
  <datafield tag="260" ind1=" " ind2=" ">
   <subfield code="a">Rockland, Mass. :</subfield>
   <subfield code="b">Syngress,</subfield>
   <subfield code="c">c2005.</subfield>
  </datafield>
  <datafield tag="300" ind1=" " ind2=" ">
   <subfield code="a">1 online resource (xxxii, 702 p.) :</subfield>
   <subfield code="b">ill.</subfield>
  </datafield>
  <datafield tag="520" ind1=" " ind2=" ">
   <subfield code="a">The first book on the market covering the #2 best-selling firewall appliances in the world from NetScreen. This book continues Syngress' history from ISA Server to Check Point to Cisco Pix of being first to market with best-selling firewall books for security professionals. Configuring NetScreen Firewalls is the first book to deliver an in-depth look at the NetScreen firewall product line. It covers all of the aspects of the NetScreen product line from the SOHO devices to the Enterprise NetScreen firewalls. Also covered are advanced troubleshooting techniques and the NetScreen Security Manager. This book offers novice users a complete opportunity to learn the NetScreen firewall appliance. Advanced users will find it a rich technical resource. * NetScreen is the #2 best-selling firewall appliance in the world (behind only Cisco PIX) and there are no competing books. * Covers the materials found on the NetScreen NCSA 5.0 exam. * Syngress firewall books are consistent best-sellers with market-leading books on ISA Server, Cisco PIX, and Check Point Next Generation.</subfield>
  </datafield>
  <datafield tag="505" ind1="0" ind2=" ">
   <subfield code="a">Introduction to firewalls and the World of NetScreen: Dissecting the NetScreen Firewall: Deploying NetScreen firewalls: Policy configuration: Routing: User authentication chapter: Advanced policy Configuration: NAT: Transparent Mode: Attack Detection and Defense: VPN Theory: VPN Usage: Virtual Systems: High availability: Troubleshooting the NetScreen firewall: Enterprise NetScreen management.</subfield>
  </datafield>
  <datafield tag="500" ind1=" " ind2=" ">
   <subfield code="a">Includes index.</subfield>
  </datafield>
  <datafield tag="650" ind1=" " ind2="4">
   <subfield code="a">Firewalls (Computer security)</subfield>
  </datafield>
  <datafield tag="655" ind1=" " ind2="4">
   <subfield code="a">Electronic books.</subfield>
  </datafield>
  <datafield tag="700" ind1="1" ind2=" ">
   <subfield code="a">Cameron, Rob.</subfield>
  </datafield>
  <datafield tag="852" ind1=" " ind2=" ">
   <subfield code="a">INST</subfield>
   <subfield code="b">UNIPILB</subfield>
   <subfield code="c">EBOOKS</subfield>
   <subfield code="e">20140627</subfield>
   <subfield code="p">00b47688</subfield>
   <subfield code="q">00b47688</subfield>
   <subfield code="t">ONLINE</subfield>
   <subfield code="y">0</subfield>
  </datafield>
  <datafield tag="856" ind1="4" ind2="0">
   <subfield code="3">ScienceDirect</subfield>
   <subfield code="u">http://www.sciencedirect.com/science/book/9781932266399</subfield>
  </datafield>
  <datafield tag="856" ind1="4" ind2=" ">
   <subfield code="d">/webopac/covers/03/47688_9781932266399.jpg</subfield>
  </datafield>
  <datafield tag="856" ind1="4" ind2=" ">
   <subfield code="d">/webopac/covers/03/47688_1932266399.jpg</subfield>
  </datafield>
 </record>
</collection>
